Statistics for Common given names in all featured languages #2

Click here to take the quiz!

General Stats

  • This quiz has been taken 286 times
  • The average score is 34 of 56

Answer Stats

NameLanguageAnswer% Correct
MaryGermanMaria
96%
MaryFinnishMaria
96%
MaryItalianMaria
96%
MarySpanishMaría
96%
MaryPortugueseMaria
96%
MaryPolishMaria
96%
MaryDutchMaria
96%
AnneItalianAnna
94%
AnneFinnishAnna
94%
AnneGermanAnna
94%
AnneDutchAnna
94%
AnnePolishAnna
94%
AnneFrenchAnne
91%
CharlesFrenchCharles
91%
HenryFrenchHenri
91%
MaryFrenchMarie
91%
PeterDutchPeter
89%
PeterGermanPeter
89%
ArthurFrenchArthur
84%
ArthurGermanArthur
84%
ArthurDutchArthur
84%
ArthurPortugueseArtur
83%
ArthurPolishArtur
83%
CharlesItalianCarlo
80%
PeterSpanishPedro
77%
PeterPortuguesePedro
77%
AnneSpanishAna
74%
AnnePortugueseAna
74%
CharlesPortugueseCarlos
74%
CharlesSpanishCarlos
74%
ArthurSpanishArturo
70%
ArthurItalianArturo
70%
CharlesGermanKarl
61%
PeterItalianPietro
61%
HenrySpanishEnrique
60%
PeterFrenchPierre
58%
HenryItalianEnrico
53%
HenryGermanHeinrich
47%
JamesPortugueseJaime
35%
PeterPolishPiotr
34%
HenryFinnishHenrik
31%
HenryPortugueseHenrique
28%
JamesFrenchJacques
26%
JamesDutchJacob
25%
JamesGermanJakob
25%
CharlesPolishKarol
20%
JamesItalianGiacomo
19%
JamesPolishJakub
14%
CharlesDutchKarel
14%
HenryPolishHenryk
12%
JamesSpanishJacobo
11%
HenryDutchHendrick
8%
ArthurFinnishArtturi
6%
JamesFinnishJaakko
5%
CharlesFinnishKaarle
5%
PeterFinnishPietari
4%

Score Distribution

Percentile by Number Answered

Percent of People with Each Score

Your Score History

You have not taken this quiz